| 000 | 01182nam a2200301Ia 4500 | ||
|---|---|---|---|
| 003 | OSt | ||
| 005 | 20221005110554.0 | ||
| 006 | a|||||r|||| 00| 0 | ||
| 007 | ta | ||
| 008 | 221004b |||||||| |||| 00| 0 hin d | ||
| 020 |
_a9789326350266 (hbk) _cINR 150.00 |
||
| 024 | _a37527 | ||
| 037 |
_bBW/1691, 15/03/2018, Bookwell _cTextual |
||
| 040 |
_aCRL _cCRL _bhin |
||
| 041 |
_2hin _ahin |
||
| 082 | _aO152,3N5810,GK, Q4 | ||
| 100 | _aमालवीय, प्रियदर्शन, ले. | ||
| 245 | 0 | _aघर का आखि़री कमरा | |
| 246 | _aGhar kā ākhi़rī kamarā | ||
| 250 | _aसंस्करण 2 | ||
| 260 |
_aनई दिल्ली _bभारतीय ज्ञानपीठ भारत _c2014 |
||
| 300 |
_a148पृ0 _ccm. |
||
| 490 | _aलोकोदय ग्रन्थमाला; ग्रन्थांक 1140 | ||
| 650 | _a हिन्दी साहित्य | ||
| 650 | _aहिन्दी कहानी | ||
| 942 |
_hO152,3N5810,GK, Q4 _cTEXL _2cc |
||
| 999 |
_c1019245 _d1019245 |
||